|
|
|
|
| LEADER |
00000naa2a2200000 4500 |
| 001 |
681315 |
| 005 |
20250916121842.0 |
| 090 |
|
|
|a 681315
|
| 100 |
|
|
|a 20250821d2025 k||y0rusy50 ca
|
| 101 |
0 |
|
|a rus
|
| 102 |
|
|
|a RU
|
| 135 |
|
|
|a drbn ---uucaa
|
| 200 |
1 |
|
|a Разработка концепта трансформируемых наушников с функцией портативной акустики
|f Немировский Л. С., Серяков В. А.
|
| 320 |
|
|
|a Список использованных источников: 5 назв
|
| 330 |
|
|
|a Данная статья рассматривает варианты концептов трансформируемых наушников с функцией портативной акустики. В публикации представлены три варианта эскизов устройства, а также процесс формирования опроса для экспертной оценки выполненных эскизов. Выполненный опрос в дальнейшем поможет определить лучшее эскизное решение и учесть как можно больше нюансов
|
| 336 |
|
|
|a Текстовый файл
|
| 463 |
|
1 |
|0 681090
|9 681090
|t Молодежь и современные информационные технологии
|o сборник трудов XXII Международной научно-практической конференции студентов, аспирантов и молодых ученых, 15–17 апреля 2025 г., Томск
|f под ред. А. С. Беляева
|c Томск
|d 2025
|n Изд-во ТПУ
|u conference_tpu-2025-C04.pdf
|v С. 759-762
|
| 545 |
1 |
|
|a Цифровой дизайн
|
| 610 |
1 |
|
|a электронный ресурс
|
| 610 |
1 |
|
|a труды учёных ТПУ
|
| 610 |
1 |
|
|a форма
|
| 610 |
1 |
|
|a эргономика
|
| 610 |
1 |
|
|a концепция
|
| 610 |
1 |
|
|a формообразование
|
| 610 |
1 |
|
|a экспертная оценка
|
| 610 |
1 |
|
|a целевая аудитория
|
| 700 |
|
1 |
|a Немировский
|b Л. С.
|
| 701 |
|
1 |
|a Серяков
|b В. А.
|c специалист в области машиностроения
|c доцент Томского политехнического университета, кандидат технических наук
|f 1985-
|g Вадим Александрович
|9 14932
|
| 801 |
|
0 |
|a RU
|b 63413507
|c 20250821
|
| 850 |
|
|
|a 63413507
|
| 856 |
4 |
|
|u http://earchive.tpu.ru/handle/11683/132184
|z http://earchive.tpu.ru/handle/11683/132184
|
| 942 |
|
|
|c CF
|